Sports Quiz

Random Sports or Baseball Quiz

MLB 500 HR Club by Picture Quiz Stats

Quiz Updated Dec 5, 2017

Challenge
Share
Tweet
Score 0/27 Timer 05:00
10 Plays Today
Player % Correct
Barry Bonds
96.1%
Babe Ruth
94.8%
David Ortiz
93.7%
Alex Rodriguez
93.5%
Manny Ramirez
92.9%
Sammy Sosa
92.8%
Ken Griffey Jr
92.5%
Mark McGwire
91.5%
Albert Pujols
90.6%
Reggie Jackson
90.4%
Hank Aaron
88.6%
Frank Thomas
88%
Jim Thome
84.8%
Ted Williams
84%
Player % Correct
Mickey Mantle
83.4%
Willie Mays
80.7%
Mike Schmidt
80.2%
Rafael Palmeiro
77.5%
Gary Sheffield
75.5%
Ernie Banks
74.2%
Frank Robinson
72.4%
Harmon Killebrew
68.3%
Willie McCovey
65.3%
Eddie Murray
64.2%
Jimmie Foxx
48.5%
Mel Ott
41.9%
Eddie Mathews
38.9%

You're not logged in!

Compare scores with friends on all Sporcle quizzes.
Sign Up with Email
OR
Log In

You Might Also Like...

Show Comments

Extras

Top Quizzes Today


Score Distribution

Your Account Isn't Verified!

In order to create a playlist on Sporcle, you need to verify the email address you used during registration. Go to your Sporcle Settings to finish the process.